Flags of Melanesia, Micronesia and Polynesia - Statistics

General Stats
  • This quiz has been taken 137 times
  • The average score is 19 of 27
Answer Stats
Picture Answer % Correct
New Zealand
92%
Papua New Guinea
90%
Kiribati
89%
Federated States of Micronesia
88%
Fiji
85%
Tonga
85%
Palau
84%
Nauru
83%
Samoa
83%
Marshall Islands
82%
Guam
77%
Cook Islands
74%
American Samoa
73%
Hawai'i
72%
Vanuatu
72%
Solomon Islands
71%
Tuvalu
67%
French Polynesia
66%
Niue
66%
New Caledonia
59%
Norfolk Island
55%
Northern Mariana Islands
52%
Tokelau
51%
Rapa Nui / Easter Island
45%
Wallis and Futuna
43%
Pitcairn Islands
40%
West Papua
19%
No matching quizzes found
Score Distribution
Percent of People with Each Score
Percentile by Number Answered
Your Score History
You have not taken this quiz